Methods of social research (Record no. 119716)

MARC details
000 -LEADER
fixed length control field 00751nam a2200265Ia 4500
003 - CONTROL NUMBER IDENTIFIER
control field OSt
005 - DATE AND TIME OF LATEST TRANSACTION
control field 20220918163448.0
008 - FIXED-LENGTH DATA ELEMENTS--GENERAL INFORMATION
fixed length control field 220917b |||||||| |||| 00| 0 eng d
020 ## - INTERNATIONAL STANDARD BOOK NUMBER
International Standard Book Number 0029012503 (hbk)
037 ## - SOURCE OF ACQUISITION
Terms of availability Textual
040 ## - CATALOGING SOURCE
Original cataloging agency ARTS
Transcribing agency ARTS
Language of cataloging eng
041 ## - LANGUAGE CODE
Source of code eng
Language code of text/sound track or separate title eng
100 ## - MAIN ENTRY--PERSONAL NAME
Personal name Bailey Kenneth D.
9 (RLIN) 13271
245 #0 - TITLE STATEMENT
Title Methods of social research
260 ## - PUBLICATION, DISTRIBUTION, ETC.
Place of publication, distribution, etc. New York
Name of publisher, distributor, etc. Free Press
Date of publication, distribution, etc. 1978
300 ## - PHYSICAL DESCRIPTION
Extent xviii,478p
Dimensions cm.
500 ## - GENERAL NOTE
General note Glossary 429-40p; Appendix 443-452p
650 ## - SUBJECT ADDED ENTRY--TOPICAL TERM
Topical term or geographic name entry element RESEARCH METHODS; SOCIAL SCIENCES
9 (RLIN) 13272
942 ## - ADDED ENTRY ELEMENTS (KOHA)
Classification part sigma:f, L82-;1
Koha item type Textual
Source of classification or shelving scheme Colon Classification (CC)
Holdings
Withdrawn status Lost status Damaged status Not for loan Home library Current library Date acquired Total Checkouts Full call number Barcode Date last seen Price effective from Koha item type
        Arts Library Arts Library 2022-09-18   sigma:f L82-;1 AL0362644 2022-09-18 2022-09-18 Textual
Copyright @ Delhi University Library System